Najlepsi strzelcy LaLiga 2010/2011 - Statystyki

Ogólne statystyki
  • Ten quiz został rozwiązany 109 razy
  • Średni wynik to 6 z 21
Statystyki odpowiedzi
gole klub piłkarz % Poprawnych
31 Barcelona Leo Messi
99%
40 Real Madryt Cristiano Ronaldo
98%
15 Real Madryt Karim Benzema
75%
18 Barcelona David Villa
72%
20 Atletico Madryt Sergio Aguero
46%
13 Barcelona Pedro
44%
10 Valencia Aritz Aduriz
42%
10 Real Madryt Gonzalo Higuain
31%
18 Valencia Roberto Soldado
20%
20 Sevilla Alvaro Negredo
16%
18 Athletic Bilbao Fernando Llorente
15%
12 Sevilla Frederick Kanoute
11%
18 Villarreal Giuseppe Rossi
8%
10 Sevilla Luis Fabiano
8%
10 Real Saragossa Gabi
4%
12 Hercules Trezeguet
4%
14 Malaga Salomon Rondon
3%
11 Villarreal Nilmar
2%
13 Espanyol Pablo Osvaldo
1%
11 Mallorca Webo
1%
13 Levante Felipe Caceido
0%
Nie znaleziono quizów pasujących do podanych kryteriów
Rozkład punktacji
Procent ludzi z każdym wynikiem
Percentyl według liczby udzielonych odpowiedzi
Twoja historia wyników
Nie rozwiązałeś tego quizu